KFZ-Kennzeichen Rheinland-Pfalz - Statistiken

Allgemein
  • Dieses Quiz wurde 116 mal gespielt
  • Das Durchschnittsergebnis liegt bei 25 aus 42
Antwortstatistiken
Hint Antwort % Korrekt
BIT Bitburg
90%
MZ Mainz
90%
COC Cochem
88%
KL Kaiserslautern
84%
KO Koblenz
84%
TR Trier
80%
AW Ahrweiler
77%
AZ Alzey
77%
DAU Daun
75%
BIN Bingen
74%
KUS Kusel
74%
LU Ludwigshafen
74%
PRÜ Prüm
74%
MY Mayen
72%
BIR Birkenfeld
70%
PS Pirmasens
68%
SP Speyer
65%
ZEL Zell
65%
MYK Mayen, Koblenz
61%
AK Altenkirchen
59%
GER Germersheim
59%
EMS Bad Ems
58%
LD Landau
58%
WO Worms
58%
KH Bad Kreuznach
57%
FT Frankenthal
55%
DIZ Diez
52%
SIM Simmern
52%
WW Westerwald
52%
WIL Wittlich
52%
ZW Zweibrücken
52%
BKS Bernkastel-Kues
49%
KIB Kirchheimbolanden
43%
SÜW Südliche Weinstraße
42%
NW Neustadt an der Weinstraße
41%
RP Rhein, Pfalz
41%
SAB Saarburg
36%
GOA Sankt Goar
36%
NR Neuwied am Rhein
32%
DÜW Bad Dürkheim an der Weinstraße
29%
ROK Rockenhausen
29%
GOH Sankt Goarshausen
20%
Keine übereinstimmenden Quizze gefunden
Verteilung der Resultate
Anzahl Personen mit jedem Resultat
Perzentil nach korrekt beantworteten Fragen
Ihre Resultats-Entwicklung
Sie haben dieses Quiz noch nicht gespielt